ბათუმის შოთა რუსთაველის სახელმწიფო უნივერსიტეტის ბიბლიოთეკა

Оперативная хирургия / (ბიბ.ჩანაწერი № 63438)

000 -LEADER
fixed length control field 00938nam a22001817a 4500
005 - DATE AND TIME OF LATEST TRANSACTION
control field 20251009151210.0
008 - FIXED-LENGTH DATA ELEMENTS--GENERAL INFORMATION
fixed length control field 251009s1985 ru ||||| |||| 00| 0 rus d
041 ## - LANGUAGE CODE
Language code of text/sound track or separate title rus
080 ## - UNIVERSAL DECIMAL CLASSIFICATION NUMBER
Universal Decimal Classification number 616.11-002-029 О-60
245 ## - TITLE STATEMENT
Title Оперативная хирургия /
Statement of responsibility, etc. Под общей редакцией И. Литтманна.
250 ## - EDITION STATEMENT
Edition statement Третье издание
264 ## - PRODUCTION, PUBLICATION, DISTRIBUTION, MANUFACTURE, AND COPYRIGHT NOTICE
Place of production, publication, distribution, manufacture Будапешт :
Name of producer, publisher, distributor, manufacturer Изд-во Академии наук Венгрии.
Date of production, publication, distribution, manufacture, or copyright notice 1985.
300 ## - PHYSICAL DESCRIPTION
Extent 1136 стр.:
Other physical details илл.;
Dimensions 29 см.
653 ## - INDEX TERM--UNCONTROLLED
keyword ქირურგია
700 ## - ADDED ENTRY--PERSONAL NAME
Personal name Литтманн, И.
Relator term რედაქტორი
9 (RLIN) 26001
856 ## - ELECTRONIC LOCATION AND ACCESS
Uniform Resource Identifier https://enc-medica.ru/wp-content/uploads/%D0%9B%D0%B8%D1%82%D1%82%D0%BC%D0%B0%D0%BD%D0%BD-%D0%98.-%D0%9E%D0%BF%D0%B5%D1%80%D0%B0%D1%82%D0%B8%D0%B2%D0%BD%D0%B0%D1%8F-%D1%85%D0%B8%D1%80%D1%83%D1%80%D0%B3%D0%B8%D1%8F.pdf
Link text ел. версия ელ. ვერსია
942 ## - ADDED ENTRY ELEMENTS (KOHA)
Source of classification or shelving scheme
Koha item type წიგნი
ეგზემპლარები
Withdrawn status Lost status Source of classification or shelving scheme Damaged status Not for loan Permanent Location Current Location Shelving location Date acquired Cost, normal purchase price Full call number Barcode Date last seen Copy number Uniform Resource Identifier Price effective from Koha item type Public note
          ბათუმის შოთა რუსთაველის სახელმწიფო უნივერსიტეტის მთავარი ბიბლიოთეკა ბათუმის შოთა რუსთაველის სახელმწიფო უნივერსიტეტის მთავარი ბიბლიოთეკა წიგნსაცავი 2025-10-09 15.00 616.11-002-029 О-60 72614 2025-10-09 721614 ნაჩუქარი 2025-10-09 წიგნი 15 ლ.